CAMBRIDGE international As and A level biology coursebook
Saved in:
| Main Author: | |
|---|---|
| Format: | Book |
| Language: | English |
| Published: |
Cambridge University Press
2014
|
| Tags: |
Add Tag
No Tags, Be the first to tag this record!
|
MARC
| LEADER | 00000nam a22000007a 4500 | ||
|---|---|---|---|
| 008 | 201217b ||||| |||| 00| 0 eng d | ||
| 020 | |a 978-1-107-63682-8 | ||
| 100 | |a Jones, Mary … [et al.] | ||
| 245 | |a CAMBRIDGE international As and A level biology coursebook |c Mary Jones… [et al.] |g 536p.; ill. | ||
| 250 | |b 4th ed. |c Jones, Mary | ||
| 260 | |b Cambridge University Press |c 2014 |h Cambridge |i 689446 |l QH316 .C14 |m Biology – Examinations – Study guides | ||
| 500 | |a It includes index and CD-Rom | ||
| 942 | |a lcc |c BK |e Kuteyi, M. A. |f 17/12/2020 | ||
| 952 | |0 0 |1 0 |2 lcc |4 0 |6 QH0316 C14 |7 0 |9 677 |a HOL |b HOL |c QZ |d 2020-12-17 |l 0 |o QH316 .C14 |p 2020-22994 |r 2020-12-17 00:00:00 |w 2020-12-17 |y BK | ||
| 999 | |c 378 |d 378 | ||